|
|
|
|
| LEADER |
00824nam a2200217 a 4500 |
| 001 |
GR-MES14029 |
| 008 |
071129s nyu 000 0 gre d |
| 020 |
|
|
|a 0070454191
|
| 040 |
|
|
|a GrPaTEI
|b gre
|c GR-PaULI
|
| 040 |
|
|
|a GrPaTEI
|b gre
|c GR-PaULI
|
| 082 |
|
0 |
|a 574.03
|
| 245 |
0 |
0 |
|a McGraw-Hill dictionary of biology ; editor Sybil P. Parker.
|
| 260 |
|
|
|a New York :
|b McGraw-Hill,
|c 1985
|
| 300 |
|
|
|a 390σ. ;
|c 20εκ.
|
| 650 |
|
0 |
|a Biology
|v Dictionaries
|
| 700 |
1 |
|
|a Parker Sybil, P.
|
| 710 |
0 |
|
|a McGraw- Hill Company
|
| 942 |
|
|
|2 ddc
|
| 952 |
|
|
|0 0
|1 0
|2 ddc
|4 0
|6 574_030000000000000_MCC
|7 0
|9 272307
|a MSLG
|b MSLG
|c BSC
|d 2021-01-17
|e 24
|f 0
|g 0.00
|l 0
|o 574.03 MCC
|p 2420000001101
|r 2021-01-17 00:00:00
|t 1
|w 2021-01-17
|y BK15
|x 20071129 0 ΔΕΝ ΔΑΝΕΙΖΕΤΑΙ 1
|x GrPaTEI
|
| 971 |
|
|
|a .b25800784
|b 01-10-20
|c 13-09-16
|
| 999 |
|
|
|c 157431
|d 157431
|